[Event "FRA-chT Top 16 GpA"]
[Site "Chartres"]
[Date "2023.06.03"]
[Round "3.3"]
[White "Jossien, Remy"]
[Black "Shirazi, Kamran"]
[Result "0-1"]
[WhiteElo "2231"]
[BlackElo "2279"]
[PlyCount "118"]
[EventDate "2023.06.01"]
[EventType "team-tourn"]
[EventRounds "7"]
[EventCountry "FRA"]
[SourceTitle "CBM 214 Extra"]
[Source "ChessBase"]
[SourceDate "2023.07.31"]
[SourceVersion "1"]
[SourceVersionDate "2023.07.31"]
[SourceQuality "1"]
[WhiteTeam "Cappelle la Grande"]
[BlackTeam "Tremblay en France"]
[WhiteTeamCountry "FRA"]
[BlackTeamCountry "FRA"]

1. e4 g6 2. d4 Bg7 3. Nc3 d6 4. Be3 Nf6 5. f3 0-0 6. Qd2 e5 7. dxe5 dxe5 8. Qd3 Qd7 9. Qxd7 Re8 10. Qd8 Rxd8 11. Nb5 Na6 12. a3 b6 13. Bc4 Bb7 14. Nh3 c6 15. Nc3 Ne8 16. Ba2 Bf8 17. Ng5 Rd7 18. h4 h6 19. Nh3 Kg7 20. Nf2 Nf6 21. Nd3 Re8 22. g4 Nc7 23. Kf2 c5 24. b4 Ba6 25. g5 hxg5 26. hxg5 Nh5 27. Nd5 Nxd5 28. Bxd5 cxb4 29. axb4 Bxd3 30. Bc6 Rc8 31. Bxd7 Rxc2+ 32. Kg1 Ng3 33. Rh2 Rxh2 34. Kxh2 Nf1+ 35. Kg1 Nxe3 36. Ra3 Bxb4 37. Rxd3 Bc5 38. Kf2 Nf5+ 39. Ke2 Nd4+ 40. Kd1 a5 41. Kc1 Be7 42. Rxd4 exd4 43. f4 f6 44. gxf6+ Bxf6 45. Kd2 Bh4 46. Kd3 Bg3 47. f5 g5 48. f6+ Kxf6 49. Kxd4 Ke7 50. Ba4 Kd6 51. Kc4 Ke5 52. Kd3 Bf4 53. Bd1 b5 54. Bf3 a4 55. Kc3 Be3 56. Be2 Bd4+ 57. Kb4 Bc5+ 58. Kxb5 a3 59. Bc4 g4 0-1

[Event "Cappelle rapid op 1st"]
[Site "Cappelle la Grande"]
[Date "2019.02.23"]
[Round "1"]
[White "Bauer, Christian"]
[Black "Jossien, Remy"]
[Result "1-0"]
[WhiteElo "2647"]
[BlackElo "2275"]
[PlyCount "53"]
[EventDate "2019.02.23"]
[EventType "swiss (rapid)"]
[EventRounds "9"]
[EventCountry "FRA"]
[SourceTitle "CBM 189 Extra"]
[Source "ChessBase"]
[SourceDate "2019.06.03"]
[SourceVersion "1"]
[SourceVersionDate "2019.06.03"]
[SourceQuality "1"]

1. d4 d5 2. Bf4 Nf6 3. e3 g6 4. Nf3 Bg7 5. h3 0-0 6. Be2 c5 7. c3 c4 8. b3 b5 9. a4 cxb3 10. axb5 b2 11. Ra2 a6 12. 0-0 Qb6 13. Rxb2 Bd7 14. Na3 Rc8 15. Qb3 axb5 16. Nxb5 Ra5 17. Rfb1 Nc6 18. c4 dxc4 19. Bxc4 Be8 20. Ng5 Nd8 21. Nc7 Qxb3 22. Rxb3 Rxg5 23. Rb8 Rxb8 24. Rxb8 Ra5 25. Rxd8 Kf8 26. Be5 Ra7 27. Nxe8 1-0

[Event "Cappelle rapid op 1st"]
[Site "Cappelle la Grande"]
[Date "2019.02.23"]
[Round "5"]
[White "Sochacki, Christophe"]
[Black "Jossien, Remy"]
[Result "1-0"]
[WhiteElo "2482"]
[BlackElo "2275"]
[PlyCount "45"]
[EventDate "2019.02.23"]
[EventType "swiss (rapid)"]
[EventRounds "9"]
[EventCountry "FRA"]
[SourceTitle "CBM 189 Extra"]
[Source "ChessBase"]
[SourceDate "2019.06.03"]
[SourceVersion "1"]
[SourceVersionDate "2019.06.03"]
[SourceQuality "1"]

1. c4 e6 2. Nf3 f5 3. Nc3 Nf6 4. d3 Be7 5. e4 fxe4 6. dxe4 d6 7. e5 Nfd7 8. Bd3 Nc6 9. exd6 cxd6 10. h4 Nde5 11. Bc2 Nxf3+ 12. Qxf3 Ne5 13. Qg3 0-0 14. Bg5 a6 15. 0-0-0 b5 16. c5 Nf7 17. f4 d5 18. Kb1 Bd7 19. Qd3 g6 20. h5 Bxg5 21. hxg6 Bf6 22. g7 h6 23. Qh7# 1-0

[Event "Tatry op"]
[Site "Tatranska Lomnica"]
[Date "2017.10.12"]
[Round "6"]
[White "Jossien, Remy"]
[Black "Sosovicka, Jakub"]
[Result "1/2-1/2"]
[WhiteElo "2263"]
[BlackElo "2001"]
[PlyCount "29"]
[EventDate "2017.10.08"]
[EventType "swiss"]
[EventRounds "9"]
[EventCountry "SVK"]
[SourceTitle "CBM 181 Extra"]
[Source "ChessBase"]
[SourceDate "2017.12.12"]
[SourceVersion "1"]
[SourceVersionDate "2017.12.12"]
[SourceQuality "1"]

1. e4 c5 2. Nf3 d6 3. g3 Nc6 4. Bg2 g6 5. 0-0 Bg7 6. c3 e5 7. a3 a5 8. a4 Nge7 9. Na3 0-0 10. Nb5 d5 11. d3 h6 12. Qe2 Be6 13. Nd2 d4 14. h4 Qd7 15. c4 1/2-1/2

[Event "Tatry op"]
[Site "Tatranske Zruby"]
[Date "2015.09.30"]
[Round "6"]
[White "Reza, Wojciech"]
[Black "Jossien, Remy"]
[Result "1/2-1/2"]
[WhiteElo "2272"]
[BlackElo "2240"]
[PlyCount "49"]
[EventDate "2015.09.26"]
[EventType "swiss"]
[EventRounds "9"]
[EventCountry "SVK"]
[SourceTitle "CBM 168 Extra"]
[Source "ChessBase"]
[SourceDate "2015.10.29"]
[SourceVersion "1"]
[SourceVersionDate "2015.10.29"]
[SourceQuality "1"]

1. e4 e5 2. Nf3 Nc6 3. Bb5 a6 4. Ba4 Bc5 5. c3 f6 6. d4 Ba7 7. d5 Nb8 8. c4 Ne7 9. Nc3 0-0 10. d6 cxd6 11. Qxd6 Nbc6 12. 0-0 Bb8 13. Qd3 d6 14. Rd1 Bg4 15. Bxc6 Nxc6 16. Be3 Bc7 17. c5 Kh8 18. cxd6 Bb6 19. Ne2 Bxe3 20. fxe3 Rf7 21. Rd2 Rd7 22. Rad1 Qe8 23. Ng3 Rad8 24. Qa3 Na7 25. h3 1/2-1/2

[Event "Tatry op"]
[Site "Tatranske Zruby"]
[Date "2015.09.27"]
[Round "3"]
[White "Jossien, Remy"]
[Black "Hrbolka, Ladislav"]
[Result "1-0"]
[WhiteElo "2240"]
[BlackElo "2128"]
[PlyCount "79"]
[EventDate "2015.09.26"]
[EventType "swiss"]
[EventRounds "9"]
[EventCountry "SVK"]
[SourceTitle "CBM 168 Extra"]
[Source "ChessBase"]
[SourceDate "2015.10.29"]
[SourceVersion "1"]
[SourceVersionDate "2015.10.29"]
[SourceQuality "1"]

1. d4 Nf6 2. Nc3 d5 3. Bg5 c5 4. e3 e6 5. Nf3 Be7 6. Be2 0-0 7. 0-0 Nc6 8. Ne5 Nxe5 9. dxe5 Nd7 10. Bxe7 Qxe7 11. f4 f6 12. exf6 Nxf6 13. Bf3 Bd7 14. Qe2 Bc6 15. e4 d4 16. Nd1 a6 17. Re1 Rad8 18. Nf2 Bb5 19. Qd2 Qc7 20. g3 c4 21. Rad1 e5 22. f5 Qc5 23. Kg2 Rd7 24. g4 Rfd8 25. g5 c3 26. bxc3 dxc3 27. Qe3 Qxe3 28. Rxe3 Ne8 29. Rxd7 Rxd7 30. Rxc3 Rd2 31. Kg3 Ba4 32. Ng4 Rxc2 33. Rxc2 Bxc2 34. Nxe5 Nd6 35. Kf4 b5 36. Nc6 Bb1 37. a3 Kf8 38. f6 h6 39. h4 hxg5+ 40. hxg5 1-0

[Event "Tatry op"]
[Site "Tatranske Zruby"]
[Date "2015.09.27"]
[Round "2"]
[White "Lukac, Roman"]
[Black "Jossien, Remy"]
[Result "0-1"]
[WhiteElo "2084"]
[BlackElo "2240"]
[PlyCount "94"]
[EventDate "2015.09.26"]
[EventType "swiss"]
[EventRounds "9"]
[EventCountry "SVK"]
[SourceTitle "CBM 168 Extra"]
[Source "ChessBase"]
[SourceDate "2015.10.29"]
[SourceVersion "1"]
[SourceVersionDate "2015.10.29"]
[SourceQuality "1"]

1. e4 e5 2. Nf3 Nc6 3. Bb5 a6 4. Ba4 Bc5 5. c3 f6 6. d4 Ba7 7. d5 Nce7 8. c4 Ng6 9. h4 N8e7 10. h5 Nf8 11. Nc3 h6 12. Qe2 Kf7 13. Be3 Bxe3 14. Qxe3 d6 15. 0-0-0 Nd7 16. Kb1 Nc5 17. Bc2 a5 18. Ne1 Rf8 19. f4 Kg8 20. f5 Bd7 21. Rh3 Qe8 22. Nf3 b5 23. cxb5 Bxb5 24. Nh4 Rb8 25. Ng6 Rf7 26. Rg3 Kh7 27. Ka1 Nc8 28. Qf3 Nb6 29. b3 Nc8 30. Qg4 Na6 31. Nh4 Nb4 32. Bb1 Bd7 33. Nf3 Na7 34. Nd2 Na6 35. a3 Nb5 36. Nxb5 Bxb5 37. Bc2 c6 38. dxc6 Qxc6 39. Nc4 Bxc4 40. Rc3 Nc5 41. Rxc4 Rxb3 42. Rd3 Rxd3 43. Bxd3 Qb6 44. Rc3 Rf8 45. Qe2 Rb8 46. Qc2 Na4 47. Rc6 Qd4+ 0-1

[Event "Tatry op"]
[Site "Tatranske Zruby"]
[Date "2014.10.04"]
[Round "8"]
[White "Haring, Filip"]
[Black "Jossien, Remy"]
[Result "1/2-1/2"]
[WhiteElo "2078"]
[BlackElo "2262"]
[PlyCount "41"]
[EventDate "2014.09.28"]
[EventType "swiss"]
[EventRounds "9"]
[EventCountry "SVK"]
[SourceTitle "CBM 162 Extra"]
[Source "ChessBase"]
[SourceDate "2014.10.17"]
[SourceVersion "1"]
[SourceVersionDate "2014.10.17"]
[SourceQuality "1"]

1. e4 d6 2. d4 g6 3. Nc3 Bg7 4. h3 Nd7 5. f4 a6 6. Nf3 b5 7. Be3 Bb7 8. a3 Ngf6 9. e5 Nd5 10. Nxd5 Bxd5 11. Be2 e6 12. 0-0 0-0 13. b3 dxe5 14. dxe5 Nb6 15. Bd3 Qe7 16. Qe2 Rfd8 17. Bxb6 cxb6 18. a4 bxa4 19. Rxa4 a5 20. Nd2 Qd7 21. Rfa1 1/2-1/2

[Event "Tatry op"]
[Site "Tatranske Zruby"]
[Date "2014.10.03"]
[Round "7"]
[White "Jossien, Remy"]
[Black "Plasil, Petr"]
[Result "1-0"]
[WhiteElo "2262"]
[BlackElo "2015"]
[PlyCount "125"]
[EventDate "2014.09.28"]
[EventType "swiss"]
[EventRounds "9"]
[EventCountry "SVK"]
[SourceTitle "CBM 162 Extra"]
[Source "ChessBase"]
[SourceDate "2014.10.17"]
[SourceVersion "1"]
[SourceVersionDate "2014.10.17"]
[SourceQuality "1"]

1. d4 Nf6 2. Nc3 d5 3. Bg5 Nbd7 4. Qd3 g6 5. 0-0-0 Bg7 6. f3 c6 7. e4 dxe4 8. fxe4 0-0 9. Nf3 b5 10. e5 Nd5 11. Nxd5 cxd5 12. Qxb5 Nb6 13. Qb4 Re8 14. h4 Bf5 15. Bd3 Bxd3 16. Rxd3 Nc4 17. Qe1 f6 18. Bf4 Qb6 19. Rb3 Qa6 20. Kb1 Qe6 21. Nd2 Nb6 22. exf6 exf6 23. Re3 Qd7 24. Rhh3 Kf8 25. Qe2 Rac8 26. Rxe8+ Rxe8 27. Re3 Rxe3 28. Bxe3 Qe6 29. Qf2 Qg4 30. Nf3 Qc8 31. Bc1 Nc4 32. Ne5 Kg8 33. Nxc4 dxc4 34. c3 Qe6 35. Qf3 Qe1 36. Qe3 Qxh4 37. Qe6+ Kf8 38. d5 f5 39. Qc8+ Kf7 40. Qe6+ Kf8 41. Qc8+ Kf7 42. Qe6+ Kf8 43. a4 Qe4+ 44. Qxe4 fxe4 45. Kc2 Ke7 46. b3 cxb3+ 47. Kxb3 Kd6 48. Kc4 Be5 49. Be3 a6 50. Bc5+ Kd7 51. Be3 Kc7 52. Kb4 h5 53. c4 Bf6 54. Bf4+ Kb7 55. c5 g5 56. c6+ Kc8 57. Be3 h4 58. Kc5 g4 59. d6 h3 60. gxh3 gxh3 61. d7+ Kd8 62. Kd6 Be7+ 63. Ke6 1-0

[Event "Tatry op"]
[Site "Tatranske Zruby"]
[Date "2014.10.02"]
[Round "6"]
[White "Vanka, Miloslav"]
[Black "Jossien, Remy"]
[Result "1/2-1/2"]
[WhiteElo "2135"]
[BlackElo "2262"]
[PlyCount "38"]
[EventDate "2014.09.28"]
[EventType "swiss"]
[EventRounds "9"]
[EventCountry "SVK"]
[SourceTitle "CBM 162 Extra"]
[Source "ChessBase"]
[SourceDate "2014.10.17"]
[SourceVersion "1"]
[SourceVersionDate "2014.10.17"]
[SourceQuality "1"]

1. d4 f5 2. Nc3 Nf6 3. Bg5 e6 4. e4 fxe4 5. Nxe4 Be7 6. Nxf6+ Bxf6 7. h4 Nc6 8. Bd3 Qe7 9. c3 d5 10. Qh5+ Qf7 11. Qxf7+ Kxf7 12. Nf3 e5 13. dxe5 Nxe5 14. Nxe5+ Bxe5 15. 0-0-0 Be6 16. f4 Bf6 17. f5 Bd7 18. Bf4 c6 19. g4 Rhe8 1/2-1/2

[Event "Tatry op"]
[Site "Tatranske Zruby"]
[Date "2014.09.30"]
[Round "4"]
[White "Jossien, Remy"]
[Black "Endresz, Pavol"]
[Result "1-0"]
[WhiteElo "2262"]
[BlackElo "1960"]
[PlyCount "63"]
[EventDate "2014.09.28"]
[EventType "swiss"]
[EventRounds "9"]
[EventCountry "SVK"]
[SourceTitle "CBM 162 Extra"]
[Source "ChessBase"]
[SourceDate "2014.10.17"]
[SourceVersion "1"]
[SourceVersionDate "2014.10.17"]
[SourceQuality "1"]

1. e4 c5 2. Nf3 e6 3. d3 Nc6 4. g3 d5 5. Nbd2 Nf6 6. Bg2 dxe4 7. dxe4 e5 8. 0-0 Qc7 9. Re1 Be7 10. Nf1 0-0 11. c3 h6 12. Qc2 Be6 13. Nh4 Rad8 14. Nf5 Bc4 15. f3 Bd3 16. Qf2 Rfe8 17. g4 c4 18. N1g3 Nd7 19. Be3 Bg5 20. Bxg5 hxg5 21. Qd2 f6 22. h4 gxh4 23. Nh5 Re7 24. Nxe7+ Nxe7 25. g5 f5 26. Qf2 Kf7 27. f4 g6 28. fxe5 Nxe5 29. Nf6 h3 30. Bxh3 Rh8 31. Re3 N7c6 32. Rae1 1-0

[Event "Tatry op"]
[Site "Tatranske Zruby"]
[Date "2010.10.07"]
[Round "7"]
[White "Jossien, Remy"]
[Black "Goga, Frantisek"]
[Result "1-0"]
[WhiteElo "2267"]
[BlackElo "1912"]
[PlyCount "71"]
[EventDate "2010.10.02"]
[EventType "swiss"]
[EventRounds "9"]
[EventCountry "SVK"]
[SourceTitle "CBM 138 Extra"]
[Source "ChessBase"]
[SourceDate "2010.10.29"]
[SourceVersion "1"]
[SourceVersionDate "2010.10.29"]
[SourceQuality "1"]

1. d4 Nf6 2. Nc3 d5 3. Bg5 e6 4. Qd2 Be7 5. 0-0-0 Nbd7 6. f4 b5 7. Nxb5 c6 8. Nc3 Qa5 9. Bxf6 Nxf6 10. e3 Bb4 11. Bd3 Ba6 12. Nge2 Bc4 13. Bxc4 Ne4 14. Qe1 dxc4 15. a3 Nxc3 16. Nxc3 Bxc3 17. Qxc3 Qxc3 18. bxc3 Kd7 19. Kd2 Rab8 20. Rb1 Rb6 21. Rb4 Rxb4 22. cxb4 Kd6 23. e4 a5 24. Kc3 axb4+ 25. axb4 Ra8 26. Kxc4 Ra2 27. Kb3 Ra7 28. Kb2 f6 29. Ra1 Rb7 30. Kc3 e5 31. dxe5+ fxe5 32. f5 g6 33. g4 h5 34. fxg6 h4 35. Rf1 Ke6 36. g5 1-0

[Event "Tatry op"]
[Site "Tatranske Zruby"]
[Date "2010.10.06"]
[Round "6"]
[White "Pacher, Milan"]
[Black "Jossien, Remy"]
[Result "1/2-1/2"]
[WhiteElo "2449"]
[BlackElo "2267"]
[PlyCount "125"]
[EventDate "2010.10.02"]
[EventType "swiss"]
[EventRounds "9"]
[EventCountry "SVK"]
[SourceTitle "CBM 138 Extra"]
[Source "ChessBase"]
[SourceDate "2010.10.29"]
[SourceVersion "1"]
[SourceVersionDate "2010.10.29"]
[SourceQuality "1"]

1. d4 f5 2. Bg5 Nf6 3. Bxf6 exf6 4. e3 d5 5. c4 Nc6 6. Nc3 Bb4 7. Nge2 dxc4 8. Nf4 g5 9. Nh5 Qe7 10. Bxc4 Bd7 11. 0-0 Bxc3 12. bxc3 0-0-0 13. Qf3 Qd6 14. Rab1 g4 15. Qf4 Rhf8 16. Qxd6 cxd6 17. f3 Rde8 18. Rbe1 gxf3 19. Rxf3 Ne7 20. Ng7 Rd8 21. Ne6 Bxe6 22. Bxe6+ Kc7 23. Rh3 d5 24. c4 Kd6 25. cxd5 Nxd5 26. Bxf5 b5 27. Rxh7 a5 28. Kf2 b4 29. a3 Nc3 30. axb4 axb4 31. Ra1 Ra8 32. Rxa8 Rxa8 33. Rb7 Ra2+ 34. Kf3 Rb2 35. h4 Kc6 36. Rb8 Nd1 37. g4 Kc7 38. Rc8+ Kd6 39. Rc2 Rb3 40. Re2 Nc3 41. Re1 Ra3 42. h5 Ke7 43. h6 Kf7 44. h7 Kg7 45. g5 fxg5 46. Rg1 Kh8 47. Rxg5 Ra8 48. Bd3 Rb8 49. Rc5 Rf8+ 50. Bf5 b3 51. Kg4 Rxf5 52. Kxf5 b2 53. Rc8+ Kxh7 54. Rb8 b1Q+ 55. Rxb1 Nxb1 56. d5 Kg7 57. Ke6 Kf8 58. Kd7 Nc3 59. d6 Nb5 60. e4 Nd4 61. e5 Kf7 62. Kc7 Ne6+ 63. Kd7 1/2-1/2

[Event "Tatry op"]
[Site "Tatranske Zruby"]
[Date "2010.10.03"]
[Round "2"]
[White "Jossien, Remy"]
[Black "Talla, Vladimir"]
[Result "0-1"]
[WhiteElo "2267"]
[BlackElo "2456"]
[PlyCount "74"]
[EventDate "2010.10.02"]
[EventType "swiss"]
[EventRounds "9"]
[EventCountry "SVK"]
[SourceTitle "CBM 138 Extra"]
[Source "ChessBase"]
[SourceDate "2010.10.29"]
[SourceVersion "1"]
[SourceVersionDate "2010.10.29"]
[SourceQuality "1"]

1. d4 Nf6 2. Nc3 d5 3. Bg5 Nbd7 4. Qd3 g6 5. 0-0-0 Bg7 6. Nf3 0-0 7. h4 c6 8. e4 dxe4 9. Nxe4 Nxe4 10. Qxe4 Nf6 11. Bxf6 exf6 12. h5 Re8 13. Qf4 Be6 14. hxg6 hxg6 15. d5 cxd5 16. Nd4 Qa5 17. Kb1 Bd7 18. Bd3 f5 19. c3 Rac8 20. Rh3 Ba4 21. Rdh1 Qc7 22. Qd2 Qe5 23. a3 Bd7 24. Ka2 Rb8 25. Bc2 a5 26. Bb3 b5 27. Nf3 Qe2 28. Bxd5 Qxd2 29. Nxd2 Re5 30. Bf3 b4 31. cxb4 axb4 32. Nc4 Be6 33. Rc1 b3+ 34. Kb1 Rc5 35. Nd2 Rxc1+ 36. Kxc1 Rc8+ 37. Kd1 Bxb2 0-1

[Event "La Fere op 7th"]
[Site "La Fere"]
[Date "2008.07.10"]
[Round "7"]
[White "Pytel, Bozena"]
[Black "Jossien, Remy"]
[Result "0-1"]
[WhiteElo "1966"]
[BlackElo "2291"]
[PlyCount "82"]
[EventDate "2008.07.05"]
[EventType "swiss"]
[EventRounds "9"]
[EventCountry "FRA"]
[SourceTitle "CBM 125 Extra"]
[Source "ChessBase"]
[SourceDate "2008.09.01"]
[SourceVersion "1"]
[SourceVersionDate "2008.09.01"]
[SourceQuality "1"]

1. Nf3 g6 2. d4 Bg7 3. c4 d6 4. Nc3 Nd7 5. e4 e5 6. d5 a5 7. Bd3 Ne7 8. Bg5 h6 9. Be3 f5 10. g3 Nf6 11. h3 0-0 12. Qe2 c6 13. Rd1 cxd5 14. cxd5 fxe4 15. Nxe4 Nfxd5 16. Bc4 Be6 17. Nfg5 hxg5 18. Nxg5 Bd7 19. Rxd5 Nxd5 20. Bxd5+ Kh8 21. 0-0 Qf6 22. Qc4 Bh6 23. Qh4 Kg7 24. Ne6+ Bxe6 25. Bxh6+ Kf7 26. Qxf6+ Kxf6 27. Bxf8 Rxf8 28. Bxe6 Kxe6 29. Rc1 d5 30. Kf1 d4 31. Rc7 Kd5 32. Ke2 Ke4 33. Rxb7 d3+ 34. Ke1 Rc8 35. Rb6 Rc1+ 36. Kd2 Rc2+ 37. Ke1 a4 38. Rxg6 Re2+ 39. Kd1 Rxf2 40. b4 Ke3 41. Kc1 a3 0-1

[Event "FRA-chT1A 0708"]
[Site "France"]
[Date "2008.02.10"]
[Round "7.4"]
[White "Jossien, Remy"]
[Black "Mayaud, Raphael"]
[Result "1/2-1/2"]
[WhiteElo "2257"]
[BlackElo "2205"]
[PlyCount "64"]
[EventDate "2007.10.21"]
[EventType "team"]
[EventRounds "11"]
[EventCountry "FRA"]
[SourceTitle "EXT 2009"]
[Source "ChessBase"]
[SourceDate "2008.11.26"]
[SourceVersion "1"]
[SourceVersionDate "2008.11.26"]
[SourceQuality "1"]
[WhiteTeam "Cappelle la Grande"]
[BlackTeam "Chess XV"]
[WhiteTeamCountry "FRA"]
[BlackTeamCountry "FRA"]

1. d4 d5 2. Nc3 Nf6 3. Bg5 Nbd7 4. f3 e6 5. e4 h6 6. Bh4 Be7 7. e5 Nh7 8. Bxe7 Qxe7 9. f4 0-0 10. Nf3 c5 11. Bd3 cxd4 12. Nxd4 f6 13. exf6 Nhxf6 14. Qf3 e5 15. Nxd5 Qc5 16. Nxf6+ Rxf6 17. Nb3 Qb4+ 18. c3 Qxf4 19. 0-0 Qxf3 20. Rxf3 Rxf3 21. gxf3 Kf7 22. Kf2 b6 23. Re1 Kf6 24. Rg1 g5 25. h4 Nf8 26. Nd2 Bf5 27. hxg5+ hxg5 28. Bxf5 Kxf5 29. Ne4 Ne6 30. Ng3+ Kg6 31. Re1 Kf6 32. Ne4+ Kg6 1/2-1/2

[Event "FRA-chT1A 0708"]
[Site "France"]
[Date "2007.10.21"]
[Round "1.5"]
[White "Jossien, Remy"]
[Black "Cossin, Sebastien"]
[Result "0-1"]
[WhiteElo "2257"]
[BlackElo "2437"]
[PlyCount "48"]
[EventDate "2007.10.21"]
[EventType "team"]
[EventRounds "11"]
[EventCountry "FRA"]
[SourceTitle "EXT 2009"]
[Source "ChessBase"]
[SourceDate "2008.11.26"]
[SourceVersion "1"]
[SourceVersionDate "2008.11.26"]
[SourceQuality "1"]
[WhiteTeam "Cappelle la Grande"]
[BlackTeam "Chalons en Champagne"]
[WhiteTeamCountry "FRA"]
[BlackTeamCountry "FRA"]

1. e4 c5 2. Nf3 d6 3. d4 cxd4 4. Nxd4 Nf6 5. Nc3 a6 6. Be2 e5 7. Nb3 Be6 8. 0-0 Be7 9. f4 Qc7 10. Nd5 Bxd5 11. exd5 Nbd7 12. c4 0-0 13. Be3 Rfe8 14. Rc1 exf4 15. Rxf4 Rac8 16. Qd4 Bf8 17. Rcf1 g6 18. Nd2 Bh6 19. R4f3 Bg7 20. Qh4 Qa5 21. Nb3 Qxa2 22. Bd4 Rxe2 23. Nc1 Re4 24. Qh3 Qxc4 0-1